El fenómeno religiosos : diversidad y vigencia de la fe (Record no. 30917)
[ view plain ]
| 000 -CABECERA | |
|---|---|
| campo de control de longitud fija | 00601cam a22002292a 4500 |
| 001 - NÚMERO DE CONTROL | |
| campo de control | 025231 |
| 003 - IDENTIFICADOR DEL NÚMERO DE CONTROL | |
| campo de control | AR-FADEU |
| 008 - DATOS DE LONGITUD FIJA--INFORMACIÓN GENERAL | |
| campo de control de longitud fija | 311216n2007####xxu####################dd |
| 020 ## - NÚMERO INTERNACIONAL ESTÁNDAR DEL LIBRO | |
| Número Internacional Estándar del Libro | 987-614-002-7 |
| 092 ## - ASIGNACIÓN LOCAL DE SIGNATURA TOPOGRÁFICA DEWEY (OCLC) | |
| Número de clasificación | 306.6 |
| Número de documento/Ítem | M772 |
| Característica del encabezamiento | JLS |
| 100 ## - ENTRADA PRINCIPAL--NOMBRE DE PERSONA | |
| Nombre de persona | Montenegro, Silvia |
| 245 ## - MENCIÓN DE TÍTULO | |
| Título | El fenómeno religiosos : diversidad y vigencia de la fe |
| 260 ## - PUBLICACIÓN, DISTRIBUCIÓN, ETC. (PIE DE IMPRENTA) | |
| Lugar de publicación, distribución, etc. | Buenos Aires |
| 260 ## - PUBLICACIÓN, DISTRIBUCIÓN, ETC. (PIE DE IMPRENTA) | |
| Nombre del editor, distribuidor, etc. | Capital Intelectual |
| 260 ## - PUBLICACIÓN, DISTRIBUCIÓN, ETC. (PIE DE IMPRENTA) | |
| Fecha de publicación, distribución, etc. | 2007 |
| 300 ## - DESCRIPCIÓN FÍSICA | |
| Extensión | 102 p |
| 440 ## - MENCIÓN DE SERIE/PUNTO DE ACCESO ADICIONAL--TÍTULO | |
| Título | Claves para todos |
| 500 ## - NOTA GENERAL | |
| Nota general | Incluye bibliografía |
| 650 ## - PUNTO DE ACCESO ADICIONAL DE MATERIA--TÉRMINO DE MATERIA | |
| Término de materia o nombre geográfico como elemento inicial | SOCIOLOGIA DE LA RELIGION/JLS/ |
| 700 ## - PUNTO DE ACCESO ADICIONAL--NOMBRE DE PERSONA | |
| Nombre de persona | Juan, Renold |
| 942 ## - ELEMENTOS DE PUNTO DE ACCESO ADICIONAL (KOHA) | |
| Tipo de ítem Koha | JLS |
| Estado de retiro | Estado de pérdida | Estado dañado | No para préstamo | Código de colección | Localización permanente | Ubicación/localización actual | Ubicación en estantería | Fecha de adquisición | Número de inventario | Total de préstamos | Signatura topográfica completa | Código de barras | Fecha visto por última vez | Precio válido a partir de | Tipo de ítem Koha |
|---|---|---|---|---|---|---|---|---|---|---|---|---|---|---|---|
| Julio La Sala | Biblioteca Ernesto Sabato - FADECS - UNCOMA | Biblioteca Ernesto Sabato - FADECS - UNCOMA | 22/02/2017 | 22163 | 306.6 M772 | 22163 | 22/02/2017 | 22/02/2017 | JLS |